Which Country? - Random Knowledge - Statistics

General Stats
  • This quiz has been taken 51 times
  • The average score is 6 of 12
Answer Stats
Question Answer % Correct
Which of these is a capital city? Bern
85%
Which country has the most olympic medals? US
80%
Which country is the third biggest in the world by population? USA
76%
Which country has the most obesity? Nauru
54%
Which country has the biggest percentage of left handed people? Netherlands
51%
Which country has the shortest people on average? East Timor
49%
Which country has the highest IQ on average? Japan
49%
Which country has the highest population density? Monaco
49%
Which country has the most bordering countries? China
29%
Which country makes Amazon the second most amount of money? Germany
27%
Which country has the most IKEA shops? Germany
22%
Which country has the most sheep? China
17%
No matching quizzes found
Score Distribution
Percent of People with Each Score
Percentile by Number Answered
Your Score History
You have not taken this quiz